[Event "Veterans Bdr 2016"]
[Site "Aubagne"]
[Date "2016.05.26"]
[Round "4.2"]
[White "Reynaud, Jacques"]
[Black "Battaglia, Gerard"]
[Result "0-1"]
[WhiteElo "1315"]
[BlackElo "1760"]
[PlyCount "52"]
[EventDate "2016.??.??"]

1. Nf3 d5 2. d4 Bg4 3. Ne5 Bf5 4. Bf4 f6 5. Nf3 c5 6. e3 Nc6 7. c3 e6 8. Bd3
Bg4 9. Bb5 Nge7 10. h3 Bh5 11. g4 Bf7 12. dxc5 Ng6 13. Qa4 Qc8 14. Bd6 Bxd6 15.
cxd6 e5 16. Nbd2 O-O 17. Bxc6 bxc6 18. Nb3 Rd8 19. Qa3 Qb8 20. O-O Rxd6 21. Nc5
a5 22. Rab1 Qa7 23. Rfd1 Rdd8 24. g5 Nf8 25. gxf6 gxf6 26. Qa4 Qxc5 0-1

[Event "Veterans Bdr 2016"]
[Site "Aubagne"]
[Date "2016.05.26"]
[Round "4.3"]
[White "Sage, Jean-Claude"]
[Black "Quet, Jean-Francois"]
[Result "0-1"]
[WhiteElo "1580"]
[BlackElo "1730"]
[PlyCount "54"]
[EventDate "2016.??.??"]

1. e4 c6 2. d4 d5 3. exd5 cxd5 4. c4 Nf6 5. Nc3 Nc6 6. c5 g6 7. h3 Bg7 8. Nf3
O-O 9. Bb5 Ne4 10. O-O a6 11. Bxc6 Nxc3 12. bxc3 bxc6 13. Qa4 Qc7 14. Bd2 Bf5
15. c4 Bd3 16. Ba5 Qd7 17. cxd5 Qxd5 18. Rfd1 Be2 19. Rd2 Bxf3 20. gxf3 Rfb8
21. Qd1 Rb5 22. Bb6 Rb4 23. Qe2 Rxd4 24. Rxd4 Bxd4 25. Rd1 Qg5+ 26. Kh2 Be5+
27. Kh1 Qf4 0-1

[Event "Veterans Bdr 2016"]
[Site "Aubagne"]
[Date "2016.05.26"]
[Round "4.4"]
[White "Derien, Robert"]
[Black "Porte, Jacques"]
[Result "1/2-1/2"]
[WhiteElo "1633"]
[BlackElo "1346"]
[PlyCount "147"]
[EventDate "2016.??.??"]

1. e4 c5 2. Nf3 d6 3. c3 Nc6 4. d4 cxd4 5. cxd4 Nf6 6. Nc3 e6 7. Bd3 a6 8. a3
Be7 9. O-O Qc7 10. Ne2 O-O 11. b4 b5 12. Bb2 Bb7 13. Rc1 Qd8 14. Bb1 Rc8 15.
Qd3 g6 16. d5 exd5 17. exd5 Ne5 18. Nxe5 dxe5 19. Rxc8 Qxc8 20. d6 Qc6 21. f3
Qxd6 22. Qe3 Nd7 23. Ng3 Qb6 24. Qxb6 Nxb6 25. Rd1 f6 26. Ba2+ Kg7 27. Bc1 Rd8
28. Rxd8 Bxd8 29. Ne4 Be7 30. Nc5 Bxc5+ 31. bxc5 Nd7 32. Be3 Bc6 33. Kf2 f5 34.
g3 Kf6 35. h4 h6 36. Bxh6 Nxc5 37. Bg5+ Kg7 38. Ke2 Na4 39. Bd2 Kf8 40. Bb4+
Kg7 41. Be6 Bb7 42. f4 Kf6 43. Bb3 exf4 44. gxf4 Nb6 45. Kd3 Nd5 46. Bd6 Ke6
47. Be5 Ke7 48. Kd4 Nf6 49. Bxf6+ Kxf6 50. Kc5 Ke7 51. Kb6 Bc8 52. Kc7 Be6 53.
Bxe6 Kxe6 54. Kc6 Ke7 55. Kb6 Kd6 56. Kxa6 Kc5 57. Kb7 b4 58. axb4+ Kxb4 59.
Kc6 Kc4 60. Kd6 Kd4 61. Ke6 Ke4 62. Kf6 Kxf4 63. Kxg6 Kg4 64. h5 f4 65. h6 f3
66. h7 f2 67. h8=Q f1=Q 68. Qh5+ Kg3 69. Qg5+ Kh2 70. Qe5+ Kg1 71. Qd4+ Qf2 72.
Qd1+ Kg2 73. Qd5+ Qf3 74. Qd2+ 1/2-1/2

[Event "Veterans Bdr 2016"]
[Site "Aubagne"]
[Date "2016.05.26"]
[Round "4.5"]
[White "Lassalle, Marc"]
[Black "Vialette, Eric"]
[Result "0-1"]
[WhiteElo "1480"]
[BlackElo "1618"]
[PlyCount "118"]
[EventDate "2016.??.??"]

1. e4 d5 2. exd5 Nf6 3. Nf3 Bg4 4. Be2 c6 5. dxc6 Nxc6 6. c3 Qb6 7. d4 O-O-O 8.
O-O e5 9. Qb3 Qxb3 10. axb3 e4 11. h3 exf3 12. gxf3 Bxh3 13. Rd1 Kb8 14. Bb5 a6
15. Bxc6 bxc6 16. Rxa6 Kb7 17. Ra1 Bd6 18. c4 Rhe8 19. Nc3 Nh5 20. Ne4 Re6 21.
Nxd6+ Rdxd6 22. Kh2 Bf5 23. Be3 Bc2 24. Rg1 Rf6 25. d5 cxd5 26. Ra7+ Kb8 27.
Rga1 Kc8 28. Re7 Ra6 29. Rc1 Kd8 30. Rb7 Bf5 31. Bg5 Kc8 32. Rb5 Rfc6 33. Rxd5
h6 34. Be7 Be6 35. Rd8+ Kc7 36. Rcd1 Nf4 37. Rg8 Ng6 38. Bd8+ Kb7 39. Rxg7 Rd6
40. Rxd6 Rxd6 41. Ba5 Ne5 42. Kg3 Nd3 43. Bc3 Rb6 44. Rh7 Rxb3 45. Rxh6 Nxb2
46. Bxb2 Rxb2 47. c5 Kc6 48. Rh5 Rb5 49. f4 Bd5 50. Kg4 Kxc5 51. Kg5 Rb2 52.
Rh2 Kd4 53. f5 Rb8 54. f4 Rg8+ 55. Kf6 Rg4 56. Rd2+ Ke4 57. Rxd5 Kxd5 58. Kxf7
Rxf4 59. f6 Kd6 0-1

[Event "Veterans Bdr 2016"]
[Site "Aubagne"]
[Date "2016.05.26"]
[Round "4.6"]
[White "Rouaud, Robert"]
[Black "Graells, Christian"]
[Result "0-1"]
[WhiteElo "1442"]
[BlackElo "1611"]
[PlyCount "138"]
[EventDate "2016.??.??"]

1. e4 e5 2. Nf3 Nc6 3. Bc4 Bc5 4. d3 h6 5. Be3 Qe7 6. a3 Nf6 7. h3 a6 8. Nc3
O-O 9. O-O Nd4 10. Nd5 Nxd5 11. Bxd5 c6 12. Ba2 d6 13. c3 Ne6 14. d4 exd4 15.
Bxd4 Nxd4 16. Nxd4 Qxe4 17. Re1 Qg6 18. Re3 d5 19. Rg3 Qd6 20. Qd2 Bd7 21. Re1
Rae8 22. Bb1 Rxe1+ 23. Qxe1 Re8 24. Qd2 Re5 25. Kf1 Bxd4 26. Qxd4 Qe6 27. Qd2
c5 28. Ba2 Bb5+ 29. Kg1 f5 30. Re3 c4 31. b3 Re4 32. a4 Rxe3 33. Qxe3 Qxe3 34.
fxe3 cxb3 35. Bxb3 Bc4 36. Bc2 g6 37. Kf2 Kf7 38. Kf3 Kf6 39. g3 h5 40. h4 a5
41. Bd1 b6 42. Bc2 Ke5 43. Kf2 Ba6 44. Ke1 Bb7 45. Kd2 Bc6 46. Kd3 b5 47. axb5
Bxb5+ 48. Kd2 a4 49. Kc1 a3 50. Kb1 Bc4 51. Ka1 Kd6 52. Kb1 Kc5 53. Ka1 Bb5 54.
Kb1 Kc4 55. Ka2 Kxc3 56. Bb3 Bc4 57. Bxc4 dxc4 58. Kxa3 Kd3 59. Kb2 c3+ 60. Kc1
c2 61. e4 fxe4 62. g4 e3 63. gxh5 gxh5 64. Kb2 e2 65. Kc1 e1=Q+ 66. Kb2 Qb1+
67. Ka3 c1=Q+ 68. Ka4 Qc4+ 69. Ka5 Qbb5# 0-1

[Event "Veterans Bdr 2016"]
[Site "Aubagne"]
[Date "2016.05.26"]
[Round "4.7"]
[White "Perdiolat, Francis"]
[Black "Corrias, Robert"]
[Result "1/2-1/2"]
[WhiteElo "1407"]
[BlackElo "1596"]
[PlyCount "122"]
[EventDate "2016.??.??"]

1. e4 e5 2. Bc4 Nc6 3. Nf3 Nf6 4. d3 Be7 5. O-O O-O 6. c3 d6 7. a3 a6 8. Nbd2
Bg4 9. b4 d5 10. exd5 Nxd5 11. Qb3 Be6 12. Re1 b5 13. Bxd5 Qxd5 14. Qxd5 Bxd5
15. Nxe5 Bd6 16. Nxc6 Bxc6 17. Ne4 Rfe8 18. Bd2 Rad8 19. Nxd6 Rxd6 20. Rxe8+
Bxe8 21. Re1 Kf8 22. d4 c6 23. Bf4 Rd7 24. Be5 f6 25. Bg3 Bf7 26. Re4 Bd5 27.
Re3 Kf7 28. f3 g6 29. h4 h5 30. Bf4 Re7 31. Kf2 Re6 32. g4 Ke7 33. g5 Kd7 34.
gxf6 Rxf6 35. Bg5 Re6 36. f4 Be4 37. Bh6 Kd6 38. Bg7 Kd5 39. Be5 Bf5 40. Re1
Kc4 41. Ra1 Kb3 42. Ke3 Kb2 43. Rd1 Bg4 44. Rd2+ Kxa3 45. d5 cxd5 46. Rxd5 Kb3
47. Kd4 Be2 48. Rd6 Rxd6+ 49. Bxd6 Ka4 50. Bc7 Kb3 51. Be5 Kc2 52. Kc5 Kd3 53.
Kb6 Ke4 54. Kxa6 Kf5 55. Kb6 Kg4 56. Bf6 Kxf4 57. Bg5+ Ke4 58. Kc5 Bc4 59. Be7
Ke5 60. Bg5 Kf5 61. Kd4 Kg4 1/2-1/2

[Event "Veterans Bdr 2016"]
[Site "Aubagne"]
[Date "2016.05.26"]
[Round "4.8"]
[White "Marku, Demeter"]
[Black "Frontera, Pierre"]
[Result "1-0"]
[WhiteElo "1595"]
[BlackElo "1230"]
[PlyCount "71"]
[EventDate "2016.??.??"]

1. e4 e5 2. Nf3 d6 3. d4 Be7 4. dxe5 Nc6 5. exd6 cxd6 6. Bc4 Bd7 7. O-O Rb8 8.
Nc3 h6 9. Nd5 Bf8 10. Bd2 b5 11. Bb3 a5 12. a3 a4 13. Ba2 Bg4 14. Bc3 Bh5 15.
Qd3 Bg6 16. Nf4 Nge7 17. Nxg6 Nxg6 18. Bxf7+ Kxf7 19. Qd5+ Ke7 20. Qxc6 Nf4 21.
Rfe1 Rb6 22. Nd4 Rxc6 23. Nxc6+ Kd7 24. Nxd8 Kxd8 25. Rad1 Kd7 26. e5 Rg8 27.
Re4 g5 28. g3 Ne6 29. exd6 Bxd6 30. Bb4 Nc7 31. Rxd6+ Kc8 32. Rxh6 Nd5 33. Ree6
Nxb4 34. axb4 Rg7 35. Rb6 g4 36. Rxb5 1-0

[Event "Veterans Bdr 2016"]
[Site "Aubagne"]
[Date "2016.05.26"]
[Round "4.9"]
[White "Amoros, Jean"]
[Black "Souesme, Gerard"]
[Result "1-0"]
[WhiteElo "1458"]
[BlackElo "1433"]
[PlyCount "97"]
[EventDate "2016.??.??"]

1. e4 c6 2. Bc4 d5 3. exd5 cxd5 4. Bb3 Nf6 5. Nf3 Bg4 6. d3 h6 7. Be3 Nc6 8.
Qe2 e6 9. Ba4 a6 10. h3 Bxf3 11. Qxf3 b5 12. Bb3 Rc8 13. c3 Ne5 14. Qe2 Bd6 15.
Bd4 Nc6 16. Bxf6 Qxf6 17. Bxd5 O-O 18. Bf3 Rfe8 19. Nd2 Ne5 20. O-O Qf4 21. g3
Nxf3+ 22. Nxf3 Qf6 23. Nd2 Qg6 24. Ne4 Bb8 25. Rad1 f5 26. Nd2 f4 27. g4 e5 28.
f3 h5 29. Kg2 hxg4 30. hxg4 Ba7 31. Ne4 Be3 32. Rh1 Rcd8 33. Rh5 Kf7 34. Rdh1
Ke6 35. Rg5 Qf7 36. Rhh5 Kd7 37. Rxe5 Rxe5 38. Rxe5 Qxa2 39. Rg5 Qa1 40. Rxg7+
Kc8 41. Nf2 Qb1 42. d4 Rh8 43. Nh3 Rxh3 44. Kxh3 Qh1+ 45. Qh2 Qxh2+ 46. Kxh2
Bc1 47. b3 Bb2 48. Rf7 Bxc3 49. Rxf4 1-0

[Event "Veterans Bdr 2016"]
[Site "Aubagne"]
[Date "2016.05.26"]
[Round "4.10"]
[White "Vicari-Vento, Salvatore"]
[Black "Masson, Wally"]
[Result "1-0"]
[WhiteElo "1477"]
[BlackElo "1189"]
[PlyCount "59"]
[EventDate "2016.??.??"]

1. e4 e5 2. Nf3 Nc6 3. Bb5 d5 4. Nxe5 Nge7 5. Qf3 Be6 6. c3 Qd6 7. d4 O-O-O 8.
Nxf7 dxe4 9. Nxd6+ Rxd6 10. Qe2 Bf5 11. Bf4 Re6 12. O-O Rg6 13. Nd2 Nd5 14. Bg3
Bg4 15. Qxe4 Nce7 16. Nf3 Nf6 17. Qe5 Ned5 18. Rfe1 Bd6 19. Qe2 Bxg3 20. fxg3
c6 21. Bd3 Re8 22. Qd2 Rh6 23. Rxe8+ Nxe8 24. Re1 Re6 25. Rxe6 Bxe6 26. Bxh7
Ndf6 27. Bg6 Bxa2 28. Bxe8 Nxe8 29. Qf4 b5 30. Ne5 1-0

[Event "Veterans Bdr 2016"]
[Site "Aubagne"]
[Date "2016.05.26"]
[Round "4.11"]
[White "San-Nicolas, Robert"]
[Black "Thiers, Jean-Jacques"]
[Result "0-1"]
[WhiteElo "1371"]
[BlackElo "1726"]
[PlyCount "54"]
[EventDate "2016.??.??"]

1. d4 d5 2. e3 Nf6 3. c4 e6 4. Nc3 c6 5. cxd5 exd5 6. Bd3 Be6 7. Nf3 h6 8. Qb3
Qc7 9. Ne5 Nbd7 10. f4 Be7 11. Bd2 c5 12. Qc2 Rc8 13. f5 cxd4 14. exd4 Nxe5 15.
fxe6 Nxd3+ 16. Qxd3 fxe6 17. Qg6+ Kf8 18. O-O Qd7 19. Bf4 Qe8 20. Qg3 Kg8 21.
Be5 Kh7 22. Rf3 Qg6 23. Qf2 Ng4 24. Qe2 Nxe5 25. Qxe5 Bf6 26. Qxe6 Bxd4+ 27.
Kh1 Qxe6 0-1

[Event "Veterans Bdr 2016"]
[Site "Aubagne"]
[Date "2016.05.26"]
[Round "4.12"]
[White "Alfaro, Michel"]
[Black "Veith, Irene"]
[Result "1-0"]
[WhiteElo "1548"]
[BlackElo "1122"]
[PlyCount "106"]
[EventDate "2016.??.??"]

1. Nf3 d6 2. d4 Nf6 3. c4 g6 4. Nc3 Bg7 5. e4 O-O 6. Be2 Nbd7 7. O-O e5 8. d5
Nc5 9. Bg5 Bd7 10. b4 Na6 11. Rb1 h6 12. Bd2 c6 13. Ne1 Rb8 14. f4 Nh7 15. Qc1
cxd5 16. exd5 e4 17. Nxe4 Bd4+ 18. Be3 Bxe3+ 19. Qxe3 Qe7 20. Nc2 Nc7 21. Ng3
Rbe8 22. Qxe7 Rxe7 23. Bd3 h5 24. Rbe1 Rxe1 25. Rxe1 Ba4 26. Re7 Ne8 27. Rxb7
Nhf6 28. Rxa7 Bd7 29. Ne4 Bf5 30. Nxf6+ Nxf6 31. Bxf5 gxf5 32. Re7 Ne4 33. h3
Kg7 34. Nd4 Kg6 35. g4 hxg4 36. hxg4 Ng3 37. Kg2 Ne4 38. gxf5+ Kf6 39. Rxe4
Rg8+ 40. Kf3 Rh8 41. Re2 Rh3+ 42. Ke4 Ra3 43. c5 dxc5 44. bxc5 Ra4 45. d6 Ra8
46. Kd5 Rd8 47. c6 Ra8 48. d7 Kg7 49. Re8 Ra5+ 50. Kd6 Ra4 51. Nb5 Rxf4 52.
d8=Q Rxf5 53. Rg8+ Kh6 1-0

[Event "Veterans Bdr 2016"]
[Site "Aubagne"]
[Date "2016.05.26"]
[Round "4.13"]
[White "Ulloa, Philippe"]
[Black "Le Gall, Louis"]
[Result "0-1"]
[WhiteElo "1351"]
[BlackElo "1474"]
[PlyCount "88"]
[EventDate "2016.??.??"]

1. d4 e6 2. a3 f5 3. c4 Nf6 4. Nc3 Be7 5. Nf3 O-O 6. e3 d6 7. b4 Nbd7 8. Qb3
Kh8 9. Bd3 e5 10. Ng5 e4 11. Ne6 Qe8 12. Nxc7 Qg6 13. Bf1 Rb8 14. Ne6 Re8 15.
Nb5 Nb6 16. Nbc7 Bxe6 17. Nxe6 Rbc8 18. Nf4 Qf7 19. d5 Ng4 20. h3 Ne5 21. Be2
Nbxc4 22. O-O Nb6 23. Bb2 Ng6 24. Ne6 Bf6 25. a4 Bxb2 26. Qxb2 Nxd5 27. Nd4 Ne5
28. Nb5 Qf6 29. Nxa7 Nf3+ 30. Bxf3 Qxb2 31. Rfb1 Qf6 32. Be2 Nc3 33. Nxc8 Nxb1
34. Rxb1 Rxc8 35. a5 Rc2 36. Bf1 Rb2 37. Rc1 h6 38. b5 f4 39. a6 bxa6 40. bxa6
Ra2 41. Rc8+ Kh7 42. Ra8 fxe3 43. a7 Kg6 44. Bc4 Qxf2+ 0-1

[Event "Veterans Bdr 2016"]
[Site "Aubagne"]
[Date "2016.05.26"]
[Round "4.14"]
[White "Person, Claude"]
[Black "Kauder, Wilfried"]
[Result "1-0"]
[WhiteElo "1236"]
[BlackElo "1399"]
[PlyCount "59"]
[EventDate "2016.??.??"]

1. Nf3 e6 2. e3 Bb4 3. c3 Ba5 4. Na3 c6 5. Nc4 Bc7 6. d4 d5 7. Nce5 f6 8. Nd3
Ne7 9. Be2 O-O 10. O-O Ng6 11. Nf4 Nxf4 12. exf4 Nd7 13. g3 e5 14. dxe5 fxe5
15. Ng5 Nf6 16. fxe5 Bxe5 17. f4 Bc7 18. Be3 h6 19. Nf3 Bh3 20. Re1 Ne4 21. Bf1
Qd7 22. Bg2 Rae8 23. Re2 Qg4 24. Qf1 Bb6 25. Bxh3 Bxe3+ 26. Kg2 Nxg3 27. hxg3
Qg6 28. Nh4 Rxf4 29. Nxg6 Rxf1 30. Kxf1 1-0

[Event "Veterans Bdr 2016"]
[Site "Aubagne"]
[Date "2016.05.26"]
[Round "4.15"]
[White "Blondelon, Claude"]
[Black "Roche, Alain"]
[Result "0-1"]
[WhiteElo "1315"]
[BlackElo "1372"]
[PlyCount "34"]
[EventDate "2016.??.??"]

1. d4 d5 2. Nf3 h6 3. e3 Nf6 4. Bd3 Bg4 5. Nbd2 Nc6 6. c3 e5 7. e4 exd4 8. cxd4
Bb4 9. O-O Bxd2 10. Qxd2 O-O 11. Be2 dxe4 12. Ne1 Bxe2 13. Qxe2 Nxd4 14. Qd2 c5
15. b3 Qc7 16. Bb2 Rad8 17. Qc1 Ne2+ 0-1

[Event "Veterans Bdr 2016"]
[Site "Aubagne"]
[Date "2016.05.26"]
[Round "4.16"]
[White "Cotton, Paul"]
[Black "Roman, Sylvian"]
[Result "1-0"]
[WhiteElo "1454"]
[BlackElo "1323"]
[PlyCount "58"]
[EventDate "2016.??.??"]

1. Nf3 Nf6 2. g3 g6 3. b3 Bg7 4. Bb2 O-O 5. d3 d6 6. Bg2 Re8 7. O-O Nc6 8. Nbd2
Rb8 9. Rb1 Nd5 10. Bxg7 Kxg7 11. Rb2 Nc3 12. Qe1 Bg4 13. Nb1 Nd5 14. c4 Nf6 15.
a3 e5 16. Nbd2 e4 17. dxe4 Nxe4 18. Nxe4 Rxe4 19. h3 Bxf3 20. Bxf3 Qf6 21. Rd2
Rd4 22. Bg2 Rxd2 23. Qxd2 Ne5 24. f4 Nd7 25. b4 c6 26. e4 Qd8 27. Qxd6 Nf6 28.
Rd1 Qxd6 29. Rxd6 Kf8 1-0

[Event "Veterans Bdr 2016"]
[Site "Aubagne"]
[Date "2016.05.26"]
[Round "4.17"]
[White "Pietrac, Christian"]
[Black "Moerenhout, Jean Claude"]
[Result "1-0"]
[WhiteElo "1201"]
[BlackElo "1289"]
[PlyCount "85"]
[EventDate "2016.??.??"]

1. Nf3 d5 2. d3 Nc6 3. Bg5 h6 4. Bh4 Nf6 5. Bxf6 exf6 6. Nbd2 Bd6 7. g3 O-O 8.
Bg2 Bg4 9. O-O Ne7 10. e4 Qd7 11. Re1 Rfe8 12. d4 c6 13. c3 Bh3 14. e5 fxe5 15.
Nxe5 Qc8 16. Qh5 Be6 17. Re3 Bxe5 18. dxe5 Ng6 19. Qe2 Bh3 20. Re1 Bxg2 21.
Kxg2 Qf5 22. f4 Re6 23. Nb3 Nxf4+ 24. gxf4 Rg6+ 25. Rg3 Re8 26. Nd4 Qxf4 27.
Rxg6 fxg6 28. Qf2 Qg5+ 29. Kf1 Rf8 30. Nf3 Qg4 31. Re3 Qc4+ 32. Kg2 Rf4 33. h3
g5 34. b3 Qc5 35. e6 g4 36. hxg4 Qe7 37. Qg3 Re4 38. Rxe4 dxe4 39. Nd4 c5 40.
Nf5 Qxe6 41. Qc7 Qf7 42. Qxc5 g6 43. Nxh6+ 1-0

[Event "Veterans Bdr 2016"]
[Site "Aubagne"]
[Date "2016.05.02"]
[Round "5.1"]
[White "Battaglia, Gerard"]
[Black "Kleitz, Michel"]
[Result "1-0"]
[WhiteElo "1760"]
[BlackElo "1786"]
[PlyCount "75"]
[EventDate "2016.??.??"]
[WhiteTeam "Le Gambit Marseillais"]
[BlackTeam "Issy-Les-Moulineaux"]

1. d4 Nf6 2. c4 e6 3. Nf3 c5 4. d5 exd5 5. cxd5 d6 6. Nc3 g6 7. Bg5 Bg7 8. h3
O-O 9. e3 a6 10. a4 Re8 11. Bd3 Nbd7 12. O-O Qc7 13. e4 Rb8 14. Nd2 Ne5 15. Be2
b6 16. f4 Ned7 17. e5 dxe5 18. fxe5 Qxe5 19. Nf3 Qd6 20. Nh2 Bb7 21. Bc4 Ne5
22. Bxf6 Nxc4 23. Bxg7 Kxg7 24. Qf3 Re7 25. Rf2 Rbe8 26. Raf1 Ne3 27. Re1 Bxd5
28. Nxd5 Nxd5 29. Rd1 Re5 30. Qxf7+ Kh8 31. Ng4 Re1+ 32. Rf1 Rxf1+ 33. Rxf1 Qe6
34. Qf3 Kg7 35. Rd1 Nf6 36. Qc3 h5 37. Nxf6 Qxf6 38. Rd6 1-0

[Event "Veterans Bdr 2016"]
[Site "Aubagne"]
[Date "2016.05.26"]
[Round "5.2"]
[White "Quet, Jean-Francois"]
[Black "Graells, Christian"]
[Result "1-0"]
[WhiteElo "1730"]
[BlackElo "1611"]
[PlyCount "86"]
[EventDate "2016.??.??"]
[WhiteTeam "ASPTT Marseille"]
[BlackTeam "Club d'Echecs de Meyreuil"]

1. e4 e5 2. Nf3 Nc6 3. Bb5 a6 4. Bxc6 dxc6 5. O-O Bd6 6. d4 Bg4 7. dxe5 Bxf3 8.
gxf3 Bxe5 9. f4 Bd6 10. Be3 Qh4 11. Qf3 O-O-O 12. Nd2 g5 13. Qg3 Qh6 14. e5 Be7
15. fxg5 Qe6 16. f4 Nh6 17. Qe1 Nf5 18. Ne4 h5 19. Bc5 h4 20. Bxe7 Qxe7 21. Qe2
Nd4 22. Qg4+ Kb8 23. Qg2 Qe6 24. c3 h3 25. Qf2 Qg4+ 26. Ng3 Nf5 27. Kh1 Nh4 28.
Qe2 Qxe2 29. Nxe2 Nf5 30. Ng3 Ne3 31. Rf2 Ng4 32. Re2 Rd3 33. Rae1 Rhd8 34. Kg1
Rd2 35. Nf1 Rxe2 36. Rxe2 Rd1 37. Rd2 Re1 38. Rd3 Re2 39. Rxh3 Rxb2 40. e6 fxe6
41. g6 Nf6 42. g7 Rxa2 43. Rh8+ Ka7 1-0

[Event "Veterans Bdr 2016"]
[Site "Aubagne"]
[Date "2016.05.26"]
[Round "5.3"]
[White "Vialette, Eric"]
[Black "Reynaud, Jacques"]
[Result "1-0"]
[WhiteElo "1618"]
[BlackElo "1315"]
[PlyCount "63"]
[EventDate "2016.??.??"]
[WhiteTeam "Echiquier Marseillais 1872"]
[BlackTeam "Cercle d'Echecs Aubagnais"]

1. e4 c5 2. Nf3 d6 3. d4 cxd4 4. Nxd4 Nf6 5. Nc3 a6 6. Bc4 e5 7. Nf3 h6 8. h3
Be7 9. Be3 Be6 10. Nd5 O-O 11. Nxe7+ Qxe7 12. Bd3 Nc6 13. c3 b5 14. O-O Nh7 15.
Qd2 g5 16. g4 f6 17. Kg2 Kh8 18. b4 Rad8 19. Qc2 Qd7 20. Rad1 Bxg4 21. Rh1 Bh5
22. Rdg1 Rc8 23. Qb2 g4 24. Nh4 gxh3+ 25. Rxh3 Rg8+ 26. Rg3 Rxg3+ 27. fxg3 Qg4
28. Qf2 Rg8 29. Nf5 Rg6 30. Bxh6 Ng5 31. Bxg5 Qxg5 32. Rh1 1-0

[Event "Veterans Bdr 2016"]
[Site "Aubagne"]
[Date "2016.05.26"]
[Round "5.4"]
[White "Hunault, Francis"]
[Black "Derien, Robert"]
[Result "0-1"]
[WhiteElo "1358"]
[BlackElo "1633"]
[PlyCount "74"]
[EventDate "2016.??.??"]
[WhiteTeam "Cercle d'Echecs Aubagnais"]
[BlackTeam "Puy Ste Réparade"]

1. d4 Nf6 2. Nf3 d5 3. Bf4 Nc6 4. e3 Nh5 5. Bg5 f6 6. Bh4 g5 7. Bg3 Nxg3 8.
hxg3 Bg4 9. Be2 Qd6 10. Nfd2 Bxe2 11. Qxe2 O-O-O 12. Nc3 a6 13. Nb3 e5 14. Rd1
exd4 15. Nxd4 Nxd4 16. Rxd4 Qe5 17. O-O Bc5 18. f4 gxf4 19. gxf4 Qe6 20. Rd3 d4
21. Nd1 f5 22. a3 Rhe8 23. Rf3 Rd6 24. Qd2 dxe3 25. Nxe3 Rxd3 26. Qxd3 Bxe3+
27. Rxe3 Qxe3+ 28. Qxe3 Rxe3 29. Kf2 Re7 30. Kf3 h5 31. Kg3 Re2 32. Kh4 Rxg2
33. Kxh5 Kd7 34. c4 c5 35. b4 b6 36. Kh4 Rg4+ 37. Kh5 Ke6 0-1

[Event "Veterans Bdr 2016"]
[Site "Aubagne"]
[Date "2016.05.26"]
[Round "5.5"]
[White "Corrias, Robert"]
[Black "Amoros, Jean"]
[Result "1/2-1/2"]
[WhiteElo "1596"]
[BlackElo "1458"]
[PlyCount "99"]
[EventDate "2016.??.??"]
[WhiteTeam "ASPTT Marseille"]
[BlackTeam "Club d'Echecs de Meyreuil"]

1. e4 d5 2. Nc3 d4 3. Nce2 e5 4. Nf3 Nc6 5. a3 Nf6 6. d3 Bg4 7. Ng3 Qd7 8. Be2
Bd6 9. O-O h5 10. h3 Be6 11. Re1 O-O-O 12. Ng5 g6 13. b4 Nh7 14. Nxe6 Qxe6 15.
Bd2 Kb8 16. Qb1 f5 17. exf5 gxf5 18. Bf3 Ne7 19. Nxh5 f4 20. Nxf4 Qf6 21. Nh5
Qg6 22. Ng3 Ng5 23. Bxg5 Qxg5 24. Ne4 Qg7 25. Qb3 Rxh3 26. Qe6 Rxf3 27. Ng3 Rf6
28. Nh5 Qxg2+ 29. Kxg2 Rxe6 30. Re4 Rg6+ 31. Ng3 Nf5 32. Rh1 Rdg8 33. Rh3 b6
34. Kf3 Ne7 35. Ke2 Nc6 36. Reh4 Nd8 37. Ne4 Ne6 38. Rf3 Nf4+ 39. Kd2 b5 40. c4
a6 41. c5 Be7 42. Rh7 R6g7 43. Rh6 Bg5 44. Rxa6 Kb7 45. Ra5 Bd8 46. Rxb5+ Ka6
47. Ra5+ Kb7 48. Rb5+ Ka6 49. Ra5+ Kb7 50. Rb5+ 1/2-1/2

[Event "Veterans Bdr 2016"]
[Site "Aubagne"]
[Date "2016.05.26"]
[Round "5.6"]
[White "Porte, Jacques"]
[Black "Marku, Demeter"]
[Result "1-0"]
[WhiteElo "1346"]
[BlackElo "1595"]
[PlyCount "56"]
[EventDate "2016.??.??"]
[WhiteTeam "Cheval Marin d'Istres-Fos"]
[BlackTeam "La Farlède Toulon Echecs"]

1. d4 Nf6 2. c4 e5 3. dxe5 Ng4 4. Nf3 Bc5 5. e3 Nc6 6. Nc3 Ngxe5 7. Be2 O-O 8.
O-O Re8 9. a3 a6 10. Qc2 d6 11. b4 Ba7 12. Bb2 Qf6 13. Nd5 Qd8 14. Rad1 Bg4 15.
Nxe5 Bxe2 16. Nxc6 bxc6 17. Qxe2 cxd5 18. Rxd5 Re6 19. Rfd1 Rg6 20. c5 Qe7 21.
Qf3 Rd8 22. cxd6 cxd6 23. Qe2 Qe4 24. g3 Qh4 25. Be5 Qe7 26. Qxa6 Bb8 27. Qe2
Re6 28. f4 h6 1-0

[Event "Veterans Bdr 2016"]
[Site "Aubagne"]
[Date "2016.05.26"]
[Round "5.7"]
[White "Le Gall, Louis"]
[Black "Perdiolat, Francis"]
[Result "1/2-1/2"]
[WhiteElo "1474"]
[BlackElo "1407"]
[PlyCount "158"]
[EventDate "2016.??.??"]
[WhiteTeam "La Farlède Toulon Echecs"]
[BlackTeam "Puy Ste Réparade"]

1. e4 d6 2. d4 Nf6 3. Nc3 g6 4. Nf3 Bg7 5. Be3 O-O 6. Qd2 Ng4 7. Bd3 Nxe3 8.
fxe3 e5 9. d5 Nd7 10. O-O a5 11. a4 Nc5 12. Bc4 f5 13. Bd3 Nxd3 14. Qxd3 b6 15.
Qd2 Bh6 16. Ra3 f4 17. Nd1 g5 18. Qe1 g4 19. Nh4 Bg5 20. Nf5 Bxf5 21. exf4 exf4
22. exf5 Rxf5 23. Qe6+ Rf7 24. Qxg4 Qf6 25. h4 h6 26. hxg5 hxg5 27. Raf3 Kf8
28. Re1 Qd4+ 29. Kh2 Qxd5 30. Rh3 Rg7 31. Rh8+ Rg8 32. Rxg8+ Qxg8 33. Qf5+ Qf7
34. Qxg5 Re8 35. Qh6+ Kg8 36. Rxe8+ Qxe8 37. Qg5+ Kh8 38. Qg4 Qe5 39. Qc8+ Kg7
40. Qg4+ Kf6 41. Qf3 Kg5 42. Nc3 Qh8+ 43. Kg1 Qd4+ 44. Qf2 Qb4 45. g3 Qxb2 46.
Qxf4+ Kg6 47. Qg4+ Kf7 48. Qd7+ Kf8 49. Qxc7 Qc1+ 50. Kf2 Qxc2+ 51. Ke3 Qc1+
52. Kd3 Qf1+ 53. Kc2 Qf2+ 54. Kb3 Qxg3 55. Qxb6 Qe5 56. Qb5 Ke7 57. Qe2 Ke6 58.
Qxe5+ Kxe5 59. Kc4 Ke6 60. Nd5 Kd7 61. Kb5 Kc8 62. Kc6 Kb8 63. Kxd6 Kb7 64. Kc5
Ka6 65. Nc3 Ka7 66. Kb5 Kb8 67. Nd5 Ka8 68. Ne7 Kb8 69. Nc6+ Ka8 70. Nxa5 Ka7
71. Nc4 Ka8 72. Kb6 Kb8 73. a5 Ka8 74. a6 Kb8 75. Ne5 Ka8 76. Nc4 Kb8 77. Nd6
Ka8 78. Nc8 Kb8 79. Kc6 Ka8 1/2-1/2

[Event "Veterans Bdr 2016"]
[Site "Aubagne"]
[Date "2016.05.26"]
[Round "5.8"]
[White "Thiers, Jean-Jacques"]
[Black "Rouaud, Robert"]
[Result "0-1"]
[WhiteElo "1726"]
[BlackElo "1442"]
[PlyCount "134"]
[EventDate "2016.??.??"]
[WhiteTeam "Echiquier Marseillais 1872"]
[BlackTeam "Echiquier Brignolais"]

1. d4 d6 2. e4 b6 3. Bd3 Bb7 4. c4 e6 5. Ne2 Be7 6. Nbc3 a6 7. O-O Bg5 8. f3
Bxc1 9. Rxc1 Nd7 10. Qc2 g6 11. a4 Ngf6 12. Na2 Nh5 13. c5 dxc5 14. b4 Rc8 15.
bxc5 Nb8 16. Nb4 O-O 17. c6 Ba8 18. Bxa6 Nxa6 19. Nxa6 Nf6 20. Rfd1 Qe7 21. Nc3
Rcd8 22. Nb5 Ne8 23. Qf2 f6 24. Qa2 Rf7 25. a5 bxa5 26. Qxa5 Kg7 27. d5 exd5
28. exd5 Rxd5 29. Rxd5 Qe3+ 30. Kf1 Qxc1+ 31. Qe1 Qc4+ 32. Kf2 Qxd5 33. Qxe8
Bxc6 34. Nbxc7 Bxe8 35. Nxd5 Bc6 36. Ne3 Bb7 37. Nc5 Bc8 38. Nd3 h5 39. g3 Ra7
40. Ne1 Ra2+ 41. Kf1 Bb7 42. f4 Ra1 43. Kf2 Be4 44. Kf1 f5 45. Kf2 Ra2+ 46. Kg1
Kf6 47. Nc4 g5 48. fxg5+ Kxg5 49. Ne3 Bb1 50. Kf1 Be4 51. Kg1 f4 52. h4+ Kg6
53. gxf4 Ra3 54. N3g2 Bxg2 55. Nxg2 Kf5 56. Kf2 Ke4 57. Kg1 Kf5 58. Kf2 Kg4 59.
Kf1 Rf3+ 60. Kg1 Kg3 61. f5 Rxf5 62. Ne3 Rf4 63. Nf1+ Kxh4 64. Ne3 Ra4 65. Ng2+
Kg3 66. Kf1 h4 67. Ne3 h3 0-1

[Event "Veterans Bdr 2016"]
[Site "Aubagne"]
[Date "2016.05.26"]
[Round "5.9"]
[White "Roche, Alain"]
[Black "Sage, Jean-Claude"]
[Result "0-1"]
[WhiteElo "1372"]
[BlackElo "1580"]
[PlyCount "72"]
[EventDate "2016.??.??"]
[WhiteTeam "Echiquier Marseillais 1872"]
[BlackTeam "Echiquier Marseillais 1872"]

1. e4 e5 2. Nf3 Nc6 3. Bc4 Nf6 4. c3 Be7 5. Qc2 d6 6. h3 Be6 7. Bxe6 fxe6 8. b4
O-O 9. d3 a6 10. Qb3 Qd7 11. Be3 Nh5 12. Nbd2 Nf4 13. Bxf4 Rxf4 14. Rd1 Raf8
15. a4 Nd8 16. c4 Qe8 17. b5 axb5 18. cxb5 Qg6 19. d4 Qxg2 20. Rg1 Qxh3 21. Rg3
Qh5 22. Ke2 exd4 23. Rdg1 Bf6 24. a5 Qf7 25. a6 bxa6 26. bxa6 Nc6 27. Qb7 Ne5
28. a7 Qe8 29. Nxe5 Bxe5 30. Rf3 c5 31. Rxf4 Rxf4 32. Qxg7+ Bxg7 33. Rb1 Qa8
34. Rb8+ Rf8 35. Rxa8 Rxa8 36. Nc4 Be5 0-1